000 01180nam a2200325 a 4500
001 000116299
003 CHAP
005 20220329144609.0
008 191022s2008 mx |s| ||||||spa d
010 _a112760
011 _a113732
040 _cCHAP
090 _aCD-499 (2008)
245 0 0 _aPresentación de la ley general de derechos lingüísticos de los pueblos indígenas :
_h[Disco compacto]
_bprimera serie.
246 0 0 _aLey general de derechos lingüísticos de los pueblos indígenas
250 _a2 ed.
260 _aMéxico, D,F. :
_bINALI
_bSEP.,
_c2008.
300 _a24 v. 1 CD ROM ;
_c4 3/4 plg. .
500 _aEsta serie comprende del v. 1 al v.24
505 _aLa biblioteca tiene v. 15 variante lingüística : ombeayiüts huave del oeste
590 _aE11695DGD
_b10
_c20191024
_lUCH01
_h1240
590 _aE5765TAJ
_b05
_c20191022
_lUCH01
_h1311
590 _aE5765TAJ
_b05
_c20191022
_lUCH01
_h1320
650 1 4 _aIndios de México
_xCondición jurídica, leyes, etc.
_9131075
650 1 4 _aIndios de México
_xLenguas.
_957631
710 2 _aInstituto Nacional de Lenguas Indígenas. México.
_959382
901 _aBK
942 _cCD
942 _n0
999 _c112760
_d112760